000 00819nam a2200241 i 4500
001 185284
003 SpMaBN
005 20251017120203.0
008 160506s2015 sp a |||| | spa d
020 _a978-84-86701-89-5
080 _a821.134.2-14"19"
100 1 _aNieto, Pepa.
_985665
245 1 0 _aNacer del fuego
_b: [erĂ³tica reunida] /
_cPepa Nieto ; palabras preliminares de Ana Rossetti ; [ilustraciones, Diana Lores Nieto].
260 _aMadrid :
_bPolibea,
_c[2015]
300 _a80 p. :
_bil. ;
_c18 cm.
490 1 _aEl levitador ;
_v51
700 1 _aRossetti, Ana,
_d1950-
_9242375
700 1 _aLores Nieto, Diana.
_9159498
830 0 _aEl levitador ;
_v51
_9225183
852 _aES-MaACL
_jA-13736
_9192307
_bR.150897
_cDEPO1
_dOlim: N-6736
942 _2udc
_cMONOGRAFIA
999 _c185284
_d185284